000 00440nam a2200181Ia 4500
001 1722
005 20260306143749.0
008 260306t2012||||xx |||||||||||||| ||spa||
041 _aESP
082 _a155.23
_bG83A
100 _aGruhl, Monika
_eAUT
245 0 _aEl secreto de las personas fuertes, la resiliencia
260 _c2012
300 _a167 páginas :
_c21 cm.
650 _aGEN
654 _aCPS
942 _cLIB
_dJUS
_fJUS
_2ddc
_n
999 _c1722
_d1722